Movies Quiz

Random Movies or Cast Quiz

Movie Cast Match (2018) Quiz Stats

 Plays Quiz Updated Jul 30, 2019

Score 0/40 Timer 08:00
50 Plays Today
% Correct
A Star Is Born
91.7%
Avengers: Infinity War
88.6%
Ant-Man and the Wasp
88%
Mission: Impossible - Fallout
87.7%
Aquaman
87.3%
Deadpool 2
86.7%
Bohemian Rhapsody
86.4%
Black Panther
85.7%
Jurassic World: Fallen Kingdom
84.3%
Mamma Mia! Here We Go Again
83.2%
Crazy Rich Asians
83.1%
Creed II
82.6%
Ocean's Eight
81%
Fantastic Beasts: The Crimes of Grindelwald
80.4%
Hotel Transylvania 3: Summer Vacation
80.1%
Fifty Shades Freed
79.1%
Mary Poppins Returns
76.6%
A Quiet Place
75.8%
Ralph Breaks the Internet
75.7%
Bird Box
75.7%
% Correct
Incredibles 2
74.3%
Holmes & Watson
73.7%
Red Sparrow
73.1%
Halloween
72.7%
Venom
71.9%
Skyscraper
70.4%
Green Book
70.3%
Night School
69.2%
A Wrinkle in Time
69%
Game Night
67.7%
I Feel Pretty
66.7%
The Equalizer 2
66.1%
The Mule
65.4%
BlacKkKlansman
63.9%
Mary Queen of Scots
63.3%
Tag
63.1%
The Spy Who Dumped Me
63%
Vice
62.5%
Blockers
61.3%
The Favourite
61%

You're not logged in!

Compare scores with friends on all Sporcle quizzes.
OR
Log In

Show Comments

Extras

Top Quizzes Today


Score Distribution

Your Account Isn't Verified!

In order to create a playlist on Sporcle, you need to verify the email address you used during registration. Go to your Sporcle Settings to finish the process.

Report this User

Report this user for behavior that violates our Community Guidelines.

Details: